[Event "XIII International Chess Festival"]
[Site "Paracin"]
[Date "2020.07.04"]
[Round "3.1"]
[White "Basso, Pier Luigi"]
[Black "Radeva, Viktoria"]
[Result "1-0"]
[BlackElo "2327"]
[WhiteElo "2596"]
[LiveChessVersion "1.4.8"]

1. d4 {[%clk 1:30:39]} d5 {[%clk 1:29:14]} 2. c4 {[%clk 1:31:03]} e6
{[%clk 1:29:41]} 3. Nf3 {[%clk 1:31:12]} Nf6 {[%clk 1:29:55]} 4. Nc3
{[%clk 1:31:36]} a6 {[%clk 1:30:09]} 5. cxd5 {[%clk 1:31:54]} exd5
{[%clk 1:30:35]} 6. Qb3 {[%clk 1:32:16]} c6 {[%clk 1:30:53]} 7. Bg5
{[%clk 1:32:33]} Be7 {[%clk 1:31:05]} 8. e3 {[%clk 1:32:50]} Nbd7
{[%clk 1:31:01]} 9. Bd3 {[%clk 1:32:55]} O-O {[%clk 1:30:59]} 10. O-O
{[%clk 1:32:57]} h6 {[%clk 1:31:12]} 11. Bh4 {[%clk 1:33:08]} Ne4
{[%clk 1:30:23]} 12. Bxe7 {[%clk 1:33:29]} Qxe7 {[%clk 1:30:49]} 13. Bxe4
{[%clk 1:33:49]} dxe4 {[%clk 1:31:15]} 14. Nd2 {[%clk 1:34:12]} Nf6
{[%clk 1:31:19]} 15. Qa3 {[%clk 1:32:14]} Qe6 {[%clk 1:25:01]} 16. Qa5
{[%clk 1:31:15]} Re8 {[%clk 1:23:41]} 17. b4 {[%clk 1:25:48]} h5 {[%clk 0:51:44]}
18. h3 {[%clk 1:23:27]} g6 {[%clk 0:50:53]} 19. Rfc1 {[%clk 1:18:43]} Qe7
{[%clk 0:50:24]} 20. Qc5 {[%clk 1:07:11]} Bf5 {[%clk 0:47:52]} 21. Qxe7
{[%clk 1:04:39]} Rxe7 {[%clk 0:48:14]} 22. Nc4 {[%clk 1:01:57]} Rd8
{[%clk 0:43:47]} 23. a4 {[%clk 1:01:38]} Be6 {[%clk 0:40:13]} 24. Nb6
{[%clk 0:53:05]} Rd6 {[%clk 0:35:56]} 25. h4 {[%clk 0:52:45]} Re8
{[%clk 0:31:29]} 26. Ne2 {[%clk 0:51:40]} Bd5 {[%clk 0:26:42]} 27. Nf4
{[%clk 0:50:53]} Kg7 {[%clk 0:25:44]} 28. Rc5 {[%clk 0:50:25]} Red8
{[%clk 0:25:46]} 29. Rac1 {[%clk 0:48:05]} Kh6 {[%clk 0:22:09]} 30. Kh2
{[%clk 0:43:42]} Nd7 {[%clk 0:17:09]} 31. Nxd7 {[%clk 0:43:53]} R8xd7
{[%clk 0:17:26]} 32. Kg3 {[%clk 0:39:05]} Bb3 {[%clk 0:15:43]} 33. Ra1
{[%clk 0:38:11]} f6 {[%clk 0:13:37]} 34. b5 {[%clk 0:37:24]} axb5
{[%clk 0:13:31]} 35. axb5 {[%clk 0:37:51]} g5 {[%clk 0:12:11]} 36. Ne2
{[%clk 0:37:39]} Bd5 {[%clk 0:10:01]} 37. b6 {[%clk 0:34:54]} Rg7
{[%clk 0:09:31]} 38. Ra8 {[%clk 0:34:49]} Rdd7 {[%clk 0:08:12]} 39. Rca5
{[%clk 0:34:30]} Kg6 {[%clk 0:07:46]} 40. Rb8 {[%clk 0:33:44]} Kh6
{[%clk 0:05:23]} 41. Kh2 {[%clk 0:33:56]} gxh4 {[%clk 0:04:58]} 42. Nf4
{[%clk 0:34:01]} Rg5 {[%clk 0:04:43]} 43. Rh8+ {[%clk 0:30:08]} Kg7
{[%clk 0:03:52]} 44. Raa8 {[%clk 0:28:40]} Bf7 {[%clk 0:03:51]} 45. Rhc8
{[%clk 0:28:52]} Rb5 {[%clk 0:03:03]} 46. Rc7 {[%clk 0:29:16]} Rd6
{[%clk 0:03:05]} 47. Rxb7 {[%clk 0:29:39]} c5 {[%clk 0:03:14]} 48. Raa7
{[%clk 0:29:53]} 1-0

[Event "XIII International Chess Festival"]
[Site "Paracin"]
[Date "2020.07.04"]
[Round "3.5"]
[White "Ratkovic, Miloje"]
[Black "Mitev, Valentin"]
[Result "1-0"]
[BlackElo "2240"]
[WhiteElo "2456"]
[LiveChessVersion "1.4.8"]

1. d4 {[%clk 1:28:22]} d5 {[%clk 1:30:49]} 2. Bf4 {[%clk 1:27:24]} Nf6
{[%clk 1:30:12]} 3. e3 {[%clk 1:27:38]} c5 {[%clk 1:30:13]} 4. c3
{[%clk 1:26:39]} Nc6 {[%clk 1:30:05]} 5. Nf3 {[%clk 1:26:44]} Qb6
{[%clk 1:30:19]} 6. Qb3 {[%clk 1:26:25]} c4 {[%clk 1:30:39]} 7. Qc2
{[%clk 1:26:50]} Bf5 {[%clk 1:31:03]} 8. Qc1 {[%clk 1:27:15]} h6 {[%clk 1:27:12]}
9. Nbd2 {[%clk 1:27:32]} Rc8 {[%clk 1:27:08]} 10. Be2 {[%clk 1:27:39]} e6
{[%clk 1:27:07]} 11. O-O {[%clk 1:28:02]} Be7 {[%clk 1:27:31]} 12. Bd1
{[%clk 1:28:12]} O-O {[%clk 1:23:47]} 13. Bc2 {[%clk 1:28:27]} Bxc2
{[%clk 1:22:30]} 14. Qxc2 {[%clk 1:28:50]} Qd8 {[%clk 1:19:04]} 15. e4
{[%clk 1:25:05]} Nxe4 {[%clk 1:19:11]} 16. Nxe4 {[%clk 1:25:24]} dxe4
{[%clk 1:19:38]} 17. Qxe4 {[%clk 1:25:42]} Qd5 {[%clk 1:19:57]} 18. Qe2
{[%clk 1:20:51]} b5 {[%clk 1:20:10]} 19. a3 {[%clk 1:20:20]} a5 {[%clk 1:19:29]}
20. a4 {[%clk 1:19:31]} b4 {[%clk 1:15:16]} 21. Rac1 {[%clk 1:12:58]} Bf6
{[%clk 1:04:18]} 22. Rfd1 {[%clk 1:11:59]} Rfd8 {[%clk 0:52:49]} 23. h3
{[%clk 1:12:13]} Ne7 {[%clk 0:45:10]} 24. Nd2 {[%clk 1:01:02]} bxc3
{[%clk 0:45:00]} 25. bxc3 {[%clk 1:01:16]} Qc6 {[%clk 0:42:11]} 26. Ne4
{[%clk 0:54:26]} Nd5 {[%clk 0:42:37]} 27. Qg4 {[%clk 0:47:52]} Kh8
{[%clk 0:36:41]} 28. Be5 {[%clk 0:34:11]} Qxa4 {[%clk 0:27:48]} 29. Bxf6
{[%clk 0:32:27]} gxf6 {[%clk 0:26:51]} 30. Qh4 {[%clk 0:23:22]} Kg7
{[%clk 0:27:11]} 31. Ng3 {[%clk 0:22:54]} f5 {[%clk 0:21:01]} 32. Re1
{[%clk 0:22:56]} Kh7 {[%clk 0:14:50]} 33. Re5 {[%clk 0:22:04]} Qa3
{[%clk 0:14:13]} 34. Rce1 {[%clk 0:21:14]} Qe7 {[%clk 0:11:02]} 35. Qh5
{[%clk 0:18:16]} Qf6 {[%clk 0:09:54]} 36. Nxf5 {[%clk 0:17:21]} Nf4
{[%clk 0:09:25]} 37. Qg4 {[%clk 0:15:36]} Ng6 {[%clk 0:07:13]} 38. Ng3
{[%clk 0:10:22]} Nxe5 {[%clk 0:07:22]} 39. dxe5 {[%clk 0:08:22]} Qg6
{[%clk 0:07:47]} 40. Qf4 {[%clk 0:08:30]} Rg8 {[%clk 0:07:19]} 41. Ra1
{[%clk 0:08:31]} Rc5 {[%clk 0:06:36]} 42. Rd1 {[%clk 0:05:54]} Rd5
{[%clk 0:06:54]} 43. Re1 {[%clk 0:06:11]} Rc5 {[%clk 0:02:20]} 44. Qd4
{[%clk 0:06:14]} Rcc8 {[%clk 0:02:15]} 45. Ra1 {[%clk 0:06:25]} Qd3
{[%clk 0:01:50]} 46. Qf4 {[%clk 0:05:29]} Qxc3 {[%clk 0:00:35]} 47. Rd1
{[%clk 0:05:48]} Qc2 {[%clk 0:00:34]} 48. Rd7 {[%clk 0:05:14]} Qg6
{[%clk 0:01:00]} 49. Rxf7+ {[%clk 0:03:44]} Rg7 {[%clk 0:01:30]} 50. Rf6
{[%clk 0:04:13]} Qg5 {[%clk 0:01:59]} 51. Qe4+ {[%clk 0:04:42]} Kh8
{[%clk 0:02:28]} 52. h4 {[%clk 0:03:40]} Qc1+ {[%clk 0:01:44]} 53. Kh2
{[%clk 0:04:05]} Rcg8 {[%clk 0:02:09]} 54. f4 {[%clk 0:03:17]} Rh7
{[%clk 0:02:39]} 55. Rxe6 {[%clk 0:02:42]} Qc3 {[%clk 0:01:05]} 56. Rg6
{[%clk 0:03:00]} Rf8 {[%clk 0:00:40]} 57. Rf6 {[%clk 0:02:53]} Rg8
{[%clk 0:00:42]} 58. Rg6 {[%clk 0:02:15]} Rf8 {[%clk 0:00:57]} 59. Qc6
{[%clk 0:01:34]} Qd2 {[%clk 0:00:35]} 60. Qxc4 {[%clk 0:01:29]} Qd8
{[%clk 0:00:36]} 61. f5 {[%clk 0:01:38]} Rff7 {[%clk 0:00:40]} 62. f6
{[%clk 0:01:29]} Rc7 {[%clk 0:00:48]} 63. Qg4 {[%clk 0:01:43]} Qc8
{[%clk 0:00:34]} 64. e6 {[%clk 0:01:39]} Rc4 {[%clk 0:00:44]} 65. Rg8+
{[%clk 0:01:55]} Qxg8 {[%clk 0:01:14]} 66. Qxc4 {[%clk 0:02:17]} Rb7
{[%clk 0:00:36]} 67. f7 {[%clk 0:02:35]} Qb8 {[%clk 0:00:33]} 68. Qd4+
{[%clk 0:02:45]} Kh7 {[%clk 0:01:02]} 69. Qe4+ {[%clk 0:03:08]} Kg7
{[%clk 0:01:21]} 70. Qg4+ {[%clk 0:02:53]} Kf6 {[%clk 0:00:39]} 71. Qf3+
{[%clk 0:02:04]} Ke7 {[%clk 0:00:58]} 72. f8=Q+ {[%clk 0:01:47]} 1-0

[Event "XIII International Chess Festival"]
[Site "Paracin"]
[Date "2020.07.04"]
[Round "3.6"]
[White "Van Dael, Siem"]
[Black "Stankovic, Milos"]
[Result "1/2-1/2"]
[BlackElo "2454"]
[WhiteElo "2293"]
[LiveChessVersion "1.4.8"]

1. e4 c6 2. d4 d5 3. Nd2 dxe4 4. Nxe4 Nf6 5. Nxf6+ exf6 6. c3 Bd6 7. Bd3 O-O 8.
Qc2 Re8+ 9. Ne2 h5 10. Be3 Nd7 11. O-O-O Nf8 12. Kb1 Be6 13. Nf4 Bxf4 14. Bxf4 b5
15. Be4 Bd5 16. f3 Ne6 17. Bc1 a5 18. Bxd5 cxd5 19. f4 Qd6 20. Rhf1 b4 21. f5 Ng5
22. Bf4 Qa6 23. Bxg5 fxg5 24. Rfe1 Qd6 25. Qa4 Reb8 26. cxb4 Qxh2 27. Qc2 Rc8 28.
Qd2 axb4 29. Rh1 Qg3 30. Rxh5 f6 31. Rdh1 Qg4 32. Rh8+ Kf7 33. Rxc8 Rxc8 34. Qxb4
Qxf5+ 35. Ka1 Rc4 36. Qb7+ Kg6 37. Qb8 Qe4 38. Qh8 Qxg2 39. Qe8+ Kf5 40. Qd7+ Kf4
41. Qd6+ Kg4 42. Qe6+ Kf4 43. Qd6+ Kf5 44. Qd7+ Kg6 45. Qe8+ Kf5 1/2-1/2

[Event "XIII International Chess Festival"]
[Site "Paracin"]
[Date "2020.07.04"]
[Round "3.7"]
[White "Ratkovic, Milovan"]
[Black "Stanojevic, Ilija"]
[Result "1-0"]
[BlackElo "2220"]
[WhiteElo "2435"]
[LiveChessVersion "1.4.8"]

1. d4 {[%clk 1:29:32]} d5 {[%clk 1:30:54]} 2. Bf4 {[%clk 1:29:47]} c5
{[%clk 1:31:10]} 3. e3 {[%clk 1:30:06]} cxd4 {[%clk 1:31:27]} 4. exd4
{[%clk 1:30:20]} Nc6 {[%clk 1:31:53]} 5. c3 {[%clk 1:29:54]} f6 {[%clk 1:32:12]}
6. Bd3 {[%clk 1:23:12]} e5 {[%clk 1:32:36]} 7. Bg3 {[%clk 1:18:00]} e4
{[%clk 1:32:44]} 8. Bc2 {[%clk 1:16:44]} Nh6 {[%clk 1:32:16]} 9. Ne2
{[%clk 1:15:41]} Be6 {[%clk 1:27:06]} 10. c4 {[%clk 1:06:42]} Nf5
{[%clk 1:10:44]} 11. Nbc3 {[%clk 1:03:06]} Bb4 {[%clk 0:55:16]} 12. O-O
{[%clk 1:00:33]} Nxg3 {[%clk 0:53:31]} 13. hxg3 {[%clk 0:59:23]} Bxc3
{[%clk 0:52:28]} 14. Nxc3 {[%clk 0:58:15]} f5 {[%clk 0:49:44]} 15. g4
{[%clk 0:51:53]} fxg4 {[%clk 0:42:04]} 16. cxd5 {[%clk 0:51:45]} Bxd5
{[%clk 0:42:16]} 17. Qxg4 {[%clk 0:50:26]} Nxd4 {[%clk 0:36:09]} 18. Rad1
{[%clk 0:45:56]} Nxc2 {[%clk 0:35:51]} 19. Nxd5 {[%clk 0:44:38]} O-O
{[%clk 0:35:11]} 20. Qxe4 {[%clk 0:44:47]} 1-0

[Event "XIII International Chess Festival"]
[Site "Paracin"]
[Date "2020.07.04"]
[Round "3.8"]
[White "Krasteva, Beloslava"]
[Black "Kosic, Dragan"]
[Result "1/2-1/2"]
[BlackElo "2429"]
[WhiteElo "2246"]
[LiveChessVersion "1.4.8"]

1. d4 {[%clk 1:29:10]} Nf6 {[%clk 1:29:20]} 2. c4 {[%clk 1:29:10]} e6
{[%clk 1:29:43]} 3. Nc3 {[%clk 1:29:25]} Bb4 {[%clk 1:30:06]} 4. e3
{[%clk 1:29:44]} c5 {[%clk 1:30:26]} 5. Bd3 {[%clk 1:29:35]} Nc6 {[%clk 1:29:30]}
6. Nge2 {[%clk 1:29:28]} cxd4 {[%clk 1:29:53]} 7. exd4 {[%clk 1:29:51]} d5
{[%clk 1:30:18]} 8. cxd5 {[%clk 1:29:51]} Nxd5 {[%clk 1:30:40]} 9. O-O
{[%clk 1:29:57]} O-O {[%clk 1:30:50]} 10. Nxd5 {[%clk 1:29:52]} exd5
{[%clk 1:29:23]} 11. a3 {[%clk 1:29:42]} Bd6 {[%clk 1:28:05]} 12. Bf4
{[%clk 1:29:23]} g6 {[%clk 1:24:11]} 13. Bxd6 {[%clk 1:21:57]} Qxd6
{[%clk 1:24:30]} 14. Qd2 {[%clk 1:22:17]} Bd7 {[%clk 1:21:23]} 15. Rac1
{[%clk 1:20:35]} Rac8 {[%clk 1:16:43]} 16. Bb1 {[%clk 1:18:38]} Ne7
{[%clk 1:04:25]} 17. Nf4 {[%clk 1:14:56]} Rxc1 {[%clk 1:01:46]} 18. Rxc1
{[%clk 1:15:17]} Rc8 {[%clk 1:02:08]} 1/2-1/2

[Event "XIII International Chess Festival"]
[Site "Paracin"]
[Date "2020.07.04"]
[Round "3.9"]
[White "Radovanovic, Nikola"]
[Black "Damjanovic, Vuk"]
[Result "1/2-1/2"]
[BlackElo "2208"]
[WhiteElo "2389"]
[LiveChessVersion "1.4.8"]

1. d4 {[%clk 1:28:34]} Nf6 {[%clk 1:30:47]} 2. Nf3 {[%clk 1:28:53]} c5
{[%clk 1:30:20]} 3. d5 {[%clk 1:29:17]} g6 {[%clk 1:30:31]} 4. Nc3
{[%clk 1:28:32]} Bg7 {[%clk 1:30:50]} 5. e4 {[%clk 1:28:52]} d6 {[%clk 1:31:06]}
6. Bb5+ {[%clk 1:28:23]} Bd7 {[%clk 1:31:27]} 7. Be2 {[%clk 1:26:04]} b5
{[%clk 1:27:27]} 8. e5 {[%clk 1:11:06]} dxe5 {[%clk 1:27:33]} 9. Nxb5
{[%clk 1:09:24]} O-O {[%clk 1:22:11]} 10. Nc3 {[%clk 1:06:24]} Qc7
{[%clk 1:20:20]} 11. O-O {[%clk 1:02:20]} Rd8 {[%clk 1:09:14]} 12. Bc4
{[%clk 0:43:46]} Bc6 {[%clk 0:57:54]} 13. Ng5 {[%clk 0:28:39]} e6
{[%clk 0:42:43]} 14. dxe6 {[%clk 0:28:20]} Rxd1 {[%clk 0:43:07]} 15. Rxd1
{[%clk 0:28:36]} h6 {[%clk 0:35:58]} 16. exf7+ {[%clk 0:19:25]} Kh8
{[%clk 0:36:23]} 17. Ne6 {[%clk 0:19:03]} Qxf7 {[%clk 0:36:19]} 18. Rd8+
{[%clk 0:19:00]} Ne8 {[%clk 0:36:25]} 19. Nxg7 {[%clk 0:16:22]} Qxg7
{[%clk 0:34:34]} 20. Bd5 {[%clk 0:15:31]} Qc7 {[%clk 0:26:28]} 21. Rxe8+
{[%clk 0:13:47]} Bxe8 {[%clk 0:26:53]} 22. Bxa8 {[%clk 0:14:11]} Bc6
{[%clk 0:24:09]} 23. Bxc6 {[%clk 0:14:11]} Nxc6 {[%clk 0:24:34]} 24. Bxh6
{[%clk 0:12:50]} Nd4 {[%clk 0:24:46]} 25. Re1 {[%clk 0:06:13]} Qb8
{[%clk 0:21:05]} 1/2-1/2

[Event "XIII International Chess Festival"]
[Site "Paracin"]
[Date "2020.07.04"]
[Round "3.10"]
[White "Katic, Goran"]
[Black "Martic, Ivan"]
[Result "0-1"]
[BlackElo "2386"]
[WhiteElo "1967"]
[LiveChessVersion "1.4.8"]

1. e4 {[%clk 1:24:10]} d6 {[%clk 1:29:03]} 2. d4 {[%clk 1:23:37]} Nf6
{[%clk 1:29:22]} 3. Bd3 {[%clk 1:23:05]} g6 {[%clk 1:28:48]} 4. Ne2
{[%clk 1:21:07]} Bg7 {[%clk 1:28:00]} 5. f3 {[%clk 1:20:54]} Nc6 {[%clk 1:22:08]}
6. c3 {[%clk 1:17:09]} e5 {[%clk 1:20:16]} 7. d5 {[%clk 1:16:28]} Nb8
{[%clk 1:20:02]} 8. Be3 {[%clk 1:15:09]} O-O {[%clk 1:19:33]} 9. Qd2
{[%clk 1:13:34]} c6 {[%clk 1:17:22]} 10. c4 {[%clk 1:13:55]} cxd5
{[%clk 1:11:47]} 11. cxd5 {[%clk 1:14:08]} a6 {[%clk 1:11:48]} 12. Nbc3
{[%clk 1:02:09]} Nbd7 {[%clk 1:09:39]} 13. g4 {[%clk 0:48:03]} h5
{[%clk 1:08:24]} 14. gxh5 {[%clk 0:41:31]} Nxh5 {[%clk 1:07:53]} 15. O-O-O
{[%clk 0:41:40]} b5 {[%clk 1:06:26]} 16. Rdg1 {[%clk 0:38:25]} Nc5
{[%clk 1:04:23]} 17. Bc2 {[%clk 0:37:58]} Bd7 {[%clk 0:59:31]} 18. Ng3
{[%clk 0:34:52]} Nf4 {[%clk 0:58:47]} 19. Nce2 {[%clk 0:34:50]} Rc8
{[%clk 0:54:56]} 20. Kb1 {[%clk 0:25:13]} Qf6 {[%clk 0:49:46]} 21. Nf5
{[%clk 0:12:39]} Bxf5 {[%clk 0:46:33]} 22. exf5 {[%clk 0:12:26]} Kh8
{[%clk 0:40:46]} 23. fxg6 {[%clk 0:08:26]} fxg6 {[%clk 0:39:32]} 24. Nc3
{[%clk 0:04:27]} e4 {[%clk 0:36:24]} 25. Bxf4 {[%clk 0:03:23]} Qxf4
{[%clk 0:35:07]} 26. Qxf4 {[%clk 0:03:01]} Rxf4 {[%clk 0:35:31]} 27. Nxe4
{[%clk 0:03:16]} Rxf3 {[%clk 0:35:19]} 28. Rg3 {[%clk 0:00:41]} Nxe4
{[%clk 0:35:07]} 29. Bxe4 {[%clk 0:01:03]} Rf2 {[%clk 0:35:28]} 30. Rb3
{[%clk 0:01:00]} Re8 {[%clk 0:34:35]} 31. Bf3 {[%clk 0:00:32]} Rc8
{[%clk 0:28:17]} 32. Be4 {[%clk 0:00:34]} Rc4 {[%clk 0:26:44]} 33. Bxg6
{[%clk 0:00:33]} Rg4 {[%clk 0:27:01]} 34. Bc2 {[%clk 0:00:34]} Rgg2
{[%clk 0:27:23]} 35. Bd3 0-1

[Event "XIII International Chess Festival"]
[Site "Paracin"]
[Date "2020.07.04"]
[Round "3.11"]
[White "Abramovic, Bosko"]
[Black "Dimitrijevic, Andjela"]
[Result "1-0"]
[BlackElo "1805"]
[WhiteElo "2351"]
[LiveChessVersion "1.4.8"]

1. c4 {[%clk 1:30:55]} e5 {[%clk 1:30:48]} 2. Nc3 {[%clk 1:31:13]} Nf6
{[%clk 1:31:05]} 3. e3 {[%clk 1:30:25]} Bb4 {[%clk 1:30:30]} 4. Nge2
{[%clk 1:30:43]} Nc6 {[%clk 1:16:24]} 5. a3 {[%clk 1:30:51]} Bxc3
{[%clk 1:12:51]} 6. Nxc3 {[%clk 1:31:13]} O-O {[%clk 1:06:39]} 7. b4
{[%clk 1:30:40]} d5 {[%clk 0:59:53]} 8. cxd5 {[%clk 1:30:45]} Nxd5
{[%clk 1:00:14]} 9. Bb2 {[%clk 1:31:07]} Bf5 {[%clk 0:48:19]} 10. Be2
{[%clk 1:27:48]} e4 {[%clk 0:41:28]} 11. O-O {[%clk 1:27:39]} Nxc3
{[%clk 0:38:06]} 12. Bxc3 {[%clk 1:26:57]} Qd6 {[%clk 0:37:45]} 13. f4
{[%clk 1:22:53]} a5 {[%clk 0:32:00]} 14. b5 {[%clk 1:17:15]} Ne7 {[%clk 0:31:02]}
15. g4 {[%clk 1:17:21]} Bd7 {[%clk 0:29:47]} 16. Qc2 {[%clk 1:16:55]} Qg6
{[%clk 0:26:01]} 17. Kh1 {[%clk 1:16:40]} f5 {[%clk 0:24:48]} 18. gxf5
{[%clk 1:11:11]} Nxf5 {[%clk 0:24:52]} 19. Rg1 {[%clk 1:11:12]} Qe8
{[%clk 0:24:19]} 20. Be5 {[%clk 1:04:55]} c6 {[%clk 0:22:55]} 21. a4
{[%clk 1:02:44]} Be6 {[%clk 0:20:32]} 22. Qxe4 {[%clk 1:00:32]} g6
{[%clk 0:16:00]} 23. Bc4 {[%clk 0:59:20]} Rd8 {[%clk 0:15:27]} 24. Bc3
{[%clk 0:57:27]} Bd5 {[%clk 0:15:02]} 25. Bxd5+ {[%clk 0:57:50]} Rxd5
{[%clk 0:15:17]} 26. Qxe8 {[%clk 0:58:03]} Rxe8 {[%clk 0:15:41]} 27. Bxa5
{[%clk 0:57:08]} Nd6 {[%clk 0:11:22]} 28. Rgc1 {[%clk 0:53:57]} c5
{[%clk 0:07:00]} 29. Bc3 {[%clk 0:51:41]} Ne4 {[%clk 0:05:36]} 30. Ra2
{[%clk 0:51:38]} Rd3 {[%clk 0:05:07]} 31. a5 {[%clk 0:51:45]} Nd6
{[%clk 0:04:22]} 32. a6 {[%clk 0:51:39]} b6 {[%clk 0:02:36]} 33. Be5
{[%clk 0:51:04]} Nxb5 {[%clk 0:01:42]} 34. Rb1 {[%clk 0:51:06]} Na3
{[%clk 0:01:28]} 35. Rxb6 {[%clk 0:51:22]} Nc4 {[%clk 0:00:45]} 36. Rb7
{[%clk 0:51:15]} Rdd8 {[%clk 0:00:36]} 37. a7 {[%clk 0:51:23]} Nxe5
{[%clk 0:00:48]} 38. fxe5 {[%clk 0:51:42]} Ra8 {[%clk 0:00:35]} 39. d4
{[%clk 0:51:16]} 1-0

[Event "XIII International Chess Festival"]
[Site "Paracin"]
[Date "2020.07.04"]
[Round "3.12"]
[White "Milovanovic, Srboljub"]
[Black "Ivanovic, Marko"]
[Result "1/2-1/2"]
[BlackElo "2267"]
[WhiteElo "2043"]
[LiveChessVersion "1.4.8"]

1. d4 {[%clk 1:30:59]} Nf6 {[%clk 1:30:14]} 2. c4 {[%clk 1:31:27]} g6
{[%clk 1:30:37]} 3. Nc3 {[%clk 1:31:53]} Bg7 {[%clk 1:31:00]} 4. e4
{[%clk 1:32:19]} d6 {[%clk 1:31:27]} 5. f3 {[%clk 1:32:42]} O-O {[%clk 1:31:51]}
6. Be3 {[%clk 1:33:11]} e5 {[%clk 1:32:14]} 7. d5 {[%clk 1:33:37]} c6
{[%clk 1:32:25]} 8. Qd2 {[%clk 1:33:53]} cxd5 {[%clk 1:32:31]} 9. cxd5
{[%clk 1:34:19]} a6 {[%clk 1:32:54]} 10. Bd3 {[%clk 1:34:27]} b5 {[%clk 1:33:11]}
11. b4 {[%clk 1:34:51]} Nbd7 {[%clk 1:33:02]} 12. a4 {[%clk 1:35:18]} bxa4
{[%clk 1:32:56]} 13. Nxa4 {[%clk 1:35:47]} Nh5 {[%clk 1:33:04]} 14. Ne2
{[%clk 1:36:14]} Nf4 {[%clk 1:29:50]} 15. O-O {[%clk 1:36:40]} Nxd3
{[%clk 1:30:17]} 16. Qxd3 {[%clk 1:36:58]} f5 {[%clk 1:30:10]} 17. Rac1
{[%clk 1:27:50]} Rb8 {[%clk 1:29:17]} 18. Bd2 {[%clk 1:25:41]} Qh4
{[%clk 1:20:02]} 19. Be1 {[%clk 1:25:35]} fxe4 {[%clk 1:19:55]} 20. Qxe4
{[%clk 1:25:40]} Qd8 {[%clk 1:14:10]} 21. Qc4 {[%clk 1:19:41]} Bh6
{[%clk 1:13:33]} 22. Rd1 {[%clk 1:19:47]} Nb6 {[%clk 1:13:24]} 23. Nxb6
{[%clk 1:20:11]} Qxb6+ {[%clk 1:13:51]} 24. Kh1 {[%clk 1:20:14]} Bd7
{[%clk 1:14:09]} 25. Bd2 {[%clk 1:14:30]} Rfc8 {[%clk 1:01:24]} 26. Qa2
{[%clk 1:13:16]} Bxd2 {[%clk 1:01:41]} 27. Qxd2 {[%clk 1:12:44]} Qxb4
{[%clk 1:02:01]} 28. Qg5 {[%clk 1:12:13]} Bb5 {[%clk 0:52:40]} 29. Rfe1
{[%clk 1:12:40]} Bxe2 {[%clk 0:53:06]} 30. Rxe2 {[%clk 1:13:07]} Rc7
{[%clk 0:52:48]} 31. Qf6 {[%clk 1:12:20]} a5 {[%clk 0:52:43]} 32. h3
{[%clk 1:12:32]} a4 {[%clk 0:36:10]} 33. Re4 {[%clk 1:13:00]} Qb3
{[%clk 0:17:45]} 34. Qe6+ {[%clk 1:13:27]} Rf7 {[%clk 0:16:57]} 35. Ra1
{[%clk 1:13:54]} Rb5 {[%clk 0:15:46]} 36. Qxd6 {[%clk 1:11:50]} Rxd5
{[%clk 0:15:58]} 37. Qa6 {[%clk 1:12:17]} Rxf3 {[%clk 0:13:11]} 38. Qc8+
{[%clk 1:12:27]} Rf8 {[%clk 0:08:01]} 39. Qe6+ {[%clk 1:10:42]} Kg7
{[%clk 0:08:18]} 40. Rxe5 {[%clk 1:10:11]} Rd1+ {[%clk 0:08:11]} 41. Rxd1
{[%clk 1:10:33]} Qxd1+ {[%clk 0:08:38]} 42. Kh2 {[%clk 1:10:41]} Rf6
{[%clk 0:05:51]} 43. Qe7+ {[%clk 1:09:54]} Rf7 {[%clk 0:06:19]} 44. Qb4
{[%clk 1:09:48]} Qc1 {[%clk 0:03:04]} 45. Re7 {[%clk 1:10:08]} Qa1
{[%clk 0:01:29]} 46. Rxf7+ {[%clk 1:10:12]} Kxf7 {[%clk 0:01:55]} 47. Qc4+
{[%clk 1:10:08]} Kf6 {[%clk 0:02:05]} 48. Qc6+ {[%clk 1:10:34]} Kf5
{[%clk 0:02:08]} 49. Qf3+ {[%clk 1:10:16]} Ke5 {[%clk 0:02:20]} 50. Qe2+
{[%clk 1:10:18]} Kf6 {[%clk 0:02:25]} 51. Qf2+ {[%clk 1:10:02]} Ke6
{[%clk 0:01:51]} 52. Qb6+ {[%clk 1:10:23]} Kd5 {[%clk 0:02:14]} 53. Qb7+
{[%clk 1:10:35]} Kc4 {[%clk 0:02:22]} 54. Qc6+ {[%clk 1:10:52]} Kd3
{[%clk 0:02:36]} 55. Qa6+ {[%clk 1:10:12]} Ke3 {[%clk 0:02:20]} 56. Qe6+
{[%clk 1:10:37]} Kf4 {[%clk 0:02:13]} 57. g3+ {[%clk 1:09:00]} Kf3
{[%clk 0:01:46]} 58. Qd5+ {[%clk 1:08:57]} Ke3 {[%clk 0:02:08]} 59. Qe6+
{[%clk 1:08:58]} Kd3 {[%clk 0:02:25]} 60. Qa6+ {[%clk 1:09:24]} Kc2
{[%clk 0:01:25]} 61. Qc4+ {[%clk 1:08:10]} Kb2 {[%clk 0:01:31]} 62. Qb4+
{[%clk 1:07:26]} Kc2 {[%clk 0:01:50]} 63. Qc4+ {[%clk 1:07:53]} Kb1
{[%clk 0:02:11]} 64. Qd3+ {[%clk 1:08:15]} Kc1 {[%clk 0:02:10]} 65. Qf1+
{[%clk 1:08:12]} Kb2 {[%clk 0:02:38]} 66. Qe2+ {[%clk 1:08:22]} Ka3
{[%clk 0:02:58]} 67. Qe7+ {[%clk 1:08:41]} Kb3 {[%clk 0:03:24]} 68. Qe6+
{[%clk 1:09:01]} Kb4 {[%clk 0:03:40]} 69. Qb6+ {[%clk 1:09:23]} Kc4
{[%clk 0:04:00]} 70. Qe6+ {[%clk 1:09:38]} Kd3 {[%clk 0:04:17]} 71. Qa6+
{[%clk 1:10:06]} Ke4 {[%clk 0:04:36]} 72. Qe6+ {[%clk 1:09:35]} Qe5
{[%clk 0:04:11]} 73. Qg4+ {[%clk 1:09:40]} Ke3 {[%clk 0:04:36]} 74. Qxa4
{[%clk 1:10:05]} Qb2+ {[%clk 0:04:35]} 75. Kh1 {[%clk 1:09:12]} Qc1+
{[%clk 0:05:01]} 76. Kh2 {[%clk 1:09:36]} Qd2+ {[%clk 0:05:28]} 77. Kh1
{[%clk 1:09:56]} Qe1+ {[%clk 0:05:53]} 78. Kh2 {[%clk 1:10:20]} Qe2+
{[%clk 0:02:42]} 79. Kg1 {[%clk 1:10:24]} Qf2+ {[%clk 0:03:03]} 80. Kh1
{[%clk 1:10:46]} Qf3+ {[%clk 0:02:14]} 81. Kh2 {[%clk 1:11:14]} Qe2+
{[%clk 0:02:40]} 82. Kg1 {[%clk 1:11:19]} Qf2+ 83. Kh1 {[%clk 1:11:52]} Qxg3
{[%clk 0:05:34]} 84. Qb3+ {[%clk 1:11:55]} Kf2 {[%clk 0:05:22]} 85. Qc2+
{[%clk 1:12:08]} Kf1 {[%clk 0:05:47]} 86. Qc4+ {[%clk 1:12:27]} Ke1
{[%clk 0:06:11]} 87. Qc1+ {[%clk 1:12:48]} Ke2 {[%clk 0:05:09]} 88. Qc2+
{[%clk 1:13:14]} Ke3 {[%clk 0:05:10]} 89. Qb3+ {[%clk 1:13:37]} Kf4
{[%clk 0:05:36]} 90. Qf7+ {[%clk 1:13:56]} Kg5 {[%clk 0:05:40]} 91. Qxh7
{[%clk 1:14:22]} Qe1+ {[%clk 0:03:13]} 92. Kg2 {[%clk 1:14:49]} Qe4+
{[%clk 0:03:15]} 93. Kg3 {[%clk 1:13:39]} 1/2-1/2